000 00375nam a2200145Ia 4500
008 191201s2010 xx 000 0 und d
082 _a621.3811
_bSHA
100 _aSHARMA, Sanjay
245 0 _aAnalog and Digital Communication Engineering
250 _aRep.
260 _aNew Delhi
_bS. K. kataria & Sons
_c2010
300 _a574
650 _aB.Tech(CSE)
942 _2ddc
_cBK
999 _c4586
_d4586